00349nam a2200121Ia 4500008004100000040001700041041001200058082001500070100001800085245007600103260003400179300001400213230917s9999||||xx |||||||||||||| ||und|| e188981aMAIN aEnglish a361.6 S79S aSirohi, Anand 0aSocial policy and administration: The challenge of poverty and equality aNew DelhibWisdom Pressc2012 av, 385 p.